Zmena zákona o dani z príjmov

Novelizácia zákona č. 595/2003 Z.z. o dani z príjmov zákonom č. 314/2005 Z.z. Oblasti, ktorých sa týkajú zmeny.

Gespeichert in:
Bibliographische Detailangaben
1. Verfasser: Piršelová, Dagmar
Format: Buchkapitel
Sprache:Slowakisch
Schlagworte:
Tags: Tag hinzufügen
Keine Tags, Fügen Sie das erste Tag hinzu!

MARC

LEADER 00000naa$a2200000$$$4500
001 0033493
005 20231114083446.2
041 0 |a slo 
044 |a SK 
245 1 0 |a Zmena zákona o dani z príjmov  |c Dagmar Piršelová 
520 |a Novelizácia zákona č. 595/2003 Z.z. o dani z príjmov zákonom č. 314/2005 Z.z. Oblasti, ktorých sa týkajú zmeny. 
610 2 0 |a dane z príjmov 
610 2 0 |a zákony 
610 2 0 |a novelizácia 
610 2 0 |a 2005 
610 2 0 |a základ dane 
610 2 0 |a podiely na zisku 
100 1 |a Piršelová, Dagmar